[Event "Heraklion op 24th"]
[Site "Heraklion"]
[Date "2018.09.06"]
[Round "5"]
[White "Kavouras, Kosmas"]
[Black "Kotsinis, Alexandros"]
[Result "0-1"]
[WhiteElo "1174"]
[BlackElo "1549"]
[PlyCount "86"]
[EventDate "2018.09.03"]
[EventType "swiss"]
[EventRounds "9"]
[EventCountry "GRE"]
[SourceTitle "CBM 186 Extra"]
[Source "ChessBase"]
[SourceDate "2018.08.24"]
[SourceVersion "1"]
[SourceVersionDate "2018.08.24"]
[SourceQuality "1"]

1. e4 e6 2. d4 d5 3. e5 c5 4. c3 b6 5. Nf3 Qd7 6. Bd3 Ba6 7. Qc2 Bxd3 8. Qxd3 Nc6 9. Be3 cxd4 10. cxd4 Rc8 11. a3 f6 12. 0-0 fxe5 13. dxe5 Nh6 14. Bxh6 gxh6 15. Nc3 Qg7 16. Qa6 Rc7 17. Nb5 Rd7 18. Qc8+ Nd8 19. Nbd4 Qf7 20. Nc6 Bc5 21. b4 0-0 22. Nxd8 Rfxd8 23. Qa6 Bf8 24. Nd4 Qg6 25. Rae1 Rg7 26. g3 h5 27. Re3 h4 28. Qd3 Rc8 29. f4 hxg3 30. hxg3 Qh6 31. f5 Rgc7 32. Qe2 Rc1 33. Ref3 R8c4 34. Qf2 Rxf1+ 35. Kxf1 Qh1+ 36. Ke2 Rc1 37. Ke3 Bh6+ 38. Rf4 Qe4+ 39. Kd2 Ra1 40. Nc2 Ra2 41. Kc1 Qh1+ 42. Kd2 Qb1 43. Kd3 Qb3+ 0-1